K ZRODU A RASTU SLOVENSKÉHO KRESLENÉHO FILMU

Bibliographic Details
Main Author: Janek, Miroslav (Author)
Format: Article
Language:Slovak

MARC

LEADER 00000nab a2200000 a 4500
001 vtls010701670
003 SK-MaSNL
005 20260304192624.0
008 250709s1975 xo |||||||||||||||||slo|
035 |a (urnnbn)urn:nbn:sk:snk:ar-0052ql 
035 |a (uuid)4ce57d07-3f83-4da2-9bf0-2030b586d932 
035 |a urn:nbn:sk:snk-ab36q6 
040 |a SNKBUCL  |b slo  |c SNKBUCL  |e AACR2 
041 0 |a slo 
044 |a xo  |c SK 
100 1 |a Janek, Miroslav  |4 aut  |9 361291 
245 1 0 |a K ZRODU A RASTU SLOVENSKÉHO KRESLENÉHO FILMU  |c Miroslav Janek 
773 0 |t Výtvarný život  |g Roč. 20, č. 4-5 (1975), s. 54-55 
850 |a Slovenská národná knižnica 
852 |a Slovenská národná knižnica 
954 |a odborná, vedecká literatúra pôvodná (slovenská)  |2 lita 
958 |a article1 
958 |a OND 
958 |a EUIPO 
999 |c 3063339  |d 3065269